| 000 | 00558nam a22001695i 4500 | ||
|---|---|---|---|
| 001 | 162860 | ||
| 003 | ES-MaACL | ||
| 005 | 20230906212622.0 | ||
| 008 | 050705s1889 it |||| | ita d | ||
| 040 |
_aCAM _bspa _cCAM |
||
| 100 | 1 |
_aRabbeno, Ugo. _9131547 |
|
| 245 | 1 | 3 |
_aLe societá cooperative di produzione _b: contributo allo studio della questione operaia / _cdi Ugo Rabbeno. |
| 260 |
_aMilano : _bFratelli Dumolard Editori, _c1889. |
||
| 300 |
_aXIX, 531 p. ; _c22 cm. |
||
| 752 |
_aItalia - _dMilán |
||
| 852 |
_aES-MaACL _jF-11827 _z-- Enc. hol. |
||
| 999 |
_c162860 _d162860 |
||